[Event "Bizovac Metalis op 11th"]
[Site "Bizovac"]
[Date "2004.02.28"]
[Round "5"]
[White "Bilic, Ivan"]
[Black "Goric, Esad"]
[Result "0-1"]
[WhiteElo "2108"]
[BlackElo "2385"]
[PlyCount "48"]
[EventDate "2004.02.26"]
[EventType "swiss"]
[EventRounds "7"]
[EventCountry "CRO"]
[SourceTitle "CBM 098 Extra"]
[Source "ChessBase"]
[SourceDate "2004.03.10"]
[SourceVersion "2"]
[SourceVersionDate "2004.03.10"]
[SourceQuality "1"]

1. e4 c5 2. Nf3 a6 3. d4 cxd4 4. Nxd4 e5 5. Nf3 Nf6 6. Bg5 Qb6 7. Bxf6 gxf6 8. b3 Qb4+ 9. Nfd2 Nc6 10. c3 Qa5 11. Bc4 Ne7 12. 0-0 b5 13. Bd5 Nxd5 14. exd5 d6 15. f4 h5 16. fxe5 fxe5 17. Ne4 f5 18. Nf6+ Kd8 19. Nxh5 Qb6+ 20. Kh1 Qe3 21. g4 fxg4 22. Ng3 Ra7 23. Qd2 Bh6 24. Rf2 Qxg3 0-1

[Event "CRO Cup"]
[Site "Rabac"]
[Date "2003.05.26"]
[Round "1"]
[White "Vukic, Milan"]
[Black "Bilic, Ivan"]
[Result "1-0"]
[WhiteElo "2491"]
[BlackElo "2121"]
[PlyCount "157"]
[EventDate "2003.05.26"]
[EventType "team"]
[EventRounds "5"]
[EventCountry "CRO"]
[SourceTitle "CBM 094 Extra"]
[Source "ChessBase"]
[SourceDate "2003.07.09"]
[SourceVersion "2"]
[SourceVersionDate "2003.07.09"]
[SourceQuality "1"]

1. Nf3 d5 2. g3 Nf6 3. Bg2 e6 4. 0-0 Be7 5. c4 c6 6. Qc2 0-0 7. d4 b6 8. Rd1 Bb7 9. b3 Nbd7 10. Nc3 Rc8 11. e4 g6 12. Bh6 Re8 13. e5 Nh5 14. Qe2 Ng7 15. g4 a6 16. Rac1 b5 17. c5 a5 18. a3 Ba6 19. Re1 Ra8 20. b4 Bb7 21. Qb2 Qc7 22. Bd2 axb4 23. axb4 Ra7 24. Ra1 Rea8 25. Rxa7 Rxa7 26. Ra1 Qb8 27. g5 Qa8 28. Rxa7 Qxa7 29. h4 Nf5 30. Bh3 Nf8 31. Kg2 Bc8 32. Kh2 Qd7 33. Kg1 Qa7 34. Bf1 Bd7 35. Bd3 Qa8 36. Kh2 Qb8 37. Kh3 Qa7 38. Nd1 Qa6 39. Ne3 Be8 40. Ng4 Nd7 41. Nf6+ Nxf6 42. exf6 Bd8 43. Bf4 Qa7 44. Be5 Bc7 45. Bxc7 Qxc7 46. Ne5 Qa7 47. h5 Qa6 48. Kg4 Qa7 49. Kf4 Qa6 50. Bc2 Qa7 51. Kf3 Qa6 52. Kg2 Nh4+ 53. Kh2 gxh5 54. Bd1 Ng6 55. Bxh5 Nxe5 56. dxe5 Qa8 57. Be2 Bd7 58. Bd3 Kh8 59. Qd4 Qg8 60. Qh4 Be8 61. f4 Bd7 62. Kg3 Be8 63. Qh1 Bd7 64. Kg4 Bc8 65. Qa1 Bd7 66. Kf3 Qe8 67. Ke3 Qc8 68. Kd4 Qe8 69. Qh1 Qg8 70. Qh6 Bc8 71. Kc3 Bd7 72. Kd4 Bc8 73. Bxb5 cxb5 74. c6 Ba6 75. Kc5 Bc8 76. Kxb5 d4 77. Kc4 Ba6+ 78. Kxd4 Bb5 79. Qg7+ 1-0

[Event "Bizovac Metalis op 10th"]
[Site "Bizovac"]
[Date "2003.02.27"]
[Round "2"]
[White "Bilic, Ivan"]
[Black "Ascic, Pero"]
[Result "0-1"]
[WhiteElo "2121"]
[BlackElo "2310"]
[PlyCount "88"]
[EventDate "2003.02.26"]
[EventType "swiss"]
[EventRounds "9"]
[EventCountry "CRO"]
[SourceTitle "CBM 092 Extra"]
[Source "ChessBase"]
[SourceDate "2003.03.07"]
[SourceVersion "1"]
[SourceVersionDate "2003.03.07"]
[SourceQuality "1"]

1. e4 e5 2. Nf3 Nc6 3. Bc4 Nf6 4. d3 Be7 5. 0-0 0-0 6. h3 d6 7. c3 Na5 8. Bb5 a6 9. Ba4 b5 10. Bc2 c5 11. d4 Qc7 12. d5 Nc4 13. b3 Nb6 14. Nh2 Re8 15. f4 exf4 16. Bxf4 Bf8 17. Nd2 Nbd7 18. Bg5 Be7 19. Qf3 Ne5 20. Qf2 Nxd5 21. exd5 Bxg5 22. Ne4 Be7 23. Nf3 f5 24. Ng3 g6 25. Ne2 Bf6 26. Nf4 Qg7 27. Rae1 Bd7 28. Kh1 Re7 29. Nd2 Rae8 30. Re2 Ng4 31. hxg4 Qh6+ 32. Kg1 Rxe2 33. Nxe2 Qxd2 34. Bd1 Bg5 35. Kh1 Re4 36. g3 Qxd5 37. Kh2 Be3 38. Qf3 Qe5 39. gxf5 Bxf5 40. Bc2 Rh4+ 41. Kg2 Bh3+ 42. Kh1 Bg4+ 43. gxh4 Bxf3+ 44. Rxf3 d5 0-1

[Event "CRO-chT2"]
[Site "Pula"]
[Date "2000.09.15"]
[Round "5"]
[White "Zaja, Ivan"]
[Black "Bilic, Ivan"]
[Result "1-0"]
[WhiteElo "2513"]
[BlackElo "2204"]
[PlyCount "31"]
[EventDate "2000.09.??"]
[EventType "team-swiss"]
[EventRounds "7"]
[EventCountry "CRO"]
[SourceTitle "EXT 2001"]
[Source "ChessBase"]
[SourceDate "2000.11.22"]
[SourceVersion "1"]
[SourceVersionDate "2000.11.22"]
[SourceQuality "1"]

1. d4 d5 2. c4 c6 3. Nf3 Nf6 4. Nc3 e6 5. Bg5 Be7 6. e3 h6 7. Bxf6 Bxf6 8. Bd3 dxc4 9. Bxc4 0-0 10. Rc1 Nd7 11. 0-0 Be7 12. e4 Re8 13. Re1 b6 14. d5 exd5 15. exd5 cxd5 16. Qxd5 1-0